Total quality management / (Record no. 131761)

MARC details
000 -LEADER
fixed length control field 00730nam a22002297a 4500
005 - DATE AND TIME OF LATEST TRANSACTION
control field 20170124110140.0
010 ## - LIBRARY OF CONGRESS CONTROL NUMBER
LC control number A-895466
020 ## - INTERNATIONAL STANDARD BOOK NUMBER
Terms of availability 00.00
International Standard Book Number 8170249546
035 ## - SYSTEM CONTROL NUMBER
System control number A-895466
037 ## - SOURCE OF ACQUISITION
Source of stock number/acquisition Cen Lib/Ret
040 ## - CATALOGING SOURCE
Original cataloging agency DPL
Language of cataloging EN
082 ## - DEWEY DECIMAL CLASSIFICATION NUMBER
Classification number 658.562
Item number NAR
100 ## - MAIN ENTRY--PERSONAL NAME
Personal name Narayan, B.
9 (RLIN) 32691
245 ## - TITLE STATEMENT
Title Total quality management /
Statement of responsibility, etc by B. Narayan
260 ## - PUBLICATION, DISTRIBUTION, ETC. (IMPRINT)
Name of publisher, distributor, etc A. P. H. Publishing Corporation
Place of publication, distribution, etc New Delhi
Date of publication, distribution, etc 1998
270 ## - ADDRESS
City New Delhi
Address 5, Ansari Road, Darya Ganj
Postal code 10002
300 ## - PHYSICAL DESCRIPTION
Extent vi,284p.
Dimensions 22cm(Hb)
500 ## - GENERAL NOTE
General note Includes index<br/>
650 ## - SUBJECT ADDED ENTRY--TOPICAL TERM
Topical term or geographic name as entry element Quality control -- Periodicals
9 (RLIN) 32692
650 ## - SUBJECT ADDED ENTRY--TOPICAL TERM
Topical term or geographic name as entry element Production management -- Quality control -- Periodicals
9 (RLIN) 32693
942 ## - ADDED ENTRY ELEMENTS (KOHA)
Source of classification or shelving scheme Dewey Decimal Classification
Koha item type English Books
Classification part 658.562
Call number suffix NAR
Holdings
Withdrawn status Lost status Damaged status Not for loan Home library Current library Date acquired Source of acquisition Cost, normal purchase price Total Checkouts Full call number Barcode Date last seen Copy number Cost, replacement price Price effective from Koha item type Collection code
        Central Library Central Library 15/07/2015 Cen Lib/Ret 0.00   658.562 NAR A-895466 15/07/2015 1 0.00 15/07/2015 English Books  
      Not For Loan Central Library Central Library 31/07/2015 Cen Lib/Ret 600.00   658.562 NAR A-898467 31/07/2015 2 600.00 31/07/2015 English Books Reference

© Delhi Public Library
Hit Counter
free hit counter